Kumpulan puisi : mencari pintu ar-Rayyan

Bibliographic Details
Main Author: Lara MN , 1961
Format: Book
Published: Kuala Lumpur : Institut Terjemahan & Buku Malaysia Berhad , 2016
Subjects:

MARC

LEADER 00000cam a2200000 7i4500
001 0000071577
005 20170320.0
008 170320
020 |a 9789674603267 
090 0 0 |a 899.231   |b LAR 
100 0 |a Lara MN ,   |d 1961 
245 1 0 |a Kumpulan puisi :   |b mencari pintu ar-Rayyan   |c Lara MN 
260 |a Kuala Lumpur :   |b Institut Terjemahan & Buku Malaysia Berhad ,   |c 2016 
300 |a 68 p. ;   |c 18.5 cm. 
541 0 0 |c Purchased on 2016 
650 0 |a Malay poetry 
650 0 |a Sajak 
999 |a 0001456720   |b Book   |c Adult Collection   |e Cawangan Muar 
999 |a 0001456721   |b Book   |c Adult Collection   |e Cawangan Bandar Penawar 
999 |a 0001456722   |b Book   |c Adult Collection   |e Cawangan Kota Tinggi 
999 |a 0001456723   |b Book   |c Adult Collection   |e Cawangan Bandar Tenggara 
999 |a 0001456724   |b Book   |c Adult Collection   |e Cawangan Taman Sri Lambak 
999 |a 0001456725   |b Book   |c Adult Collection   |e Cawangan Bukit Gambir 
999 |a 0001456726   |b Book   |c Adult Collection   |e Cawangan Sri Merlong 
999 |a 0001456727   |b Book   |c Adult Collection   |e Cawangan Batu Pahat 
999 |a 0001456728   |b Book   |c Adult Collection   |e Cawangan Mersing 
999 |a 0001456729   |b Book   |c Adult Collection   |e Cawangan Segamat 
999 |a 0001456730   |b Book   |c Adult Collection   |e Cawangan Tmn. Ungku Tun Aminah 
999 |a 0001456731   |b Book   |c Adult Collection   |e Cawangan Taman Universiti 
999 |a 0001456732   |b Book   |c Adult Collection   |e Cawangan Pontian 
999 |a 0001456733   |b Book   |c Adult Collection   |e Cawangan Pontian 
999 |a 0001456734   |b Book   |c Adult Collection   |e Cawangan Tangkak 
999 |a 0001456735   |b Book   |c Adult Collection   |e Cawangan Tangkak 
999 |a 0001456736   |b Book   |c Adult Collection   |e Cawangan Tmn. Ungku Tun Aminah 
999 |a 0001458627   |b Book   |c Teenagers   |e Perbadanan Perpustakaan Awam Johor 
999 |a 0001458628   |b Book   |c Teenagers   |e Perbadanan Perpustakaan Awam Johor 
999 |a 0001458629   |b Book   |c Teenagers   |e Cawangan AEON Kulaijaya 
999 |a 0001458630   |b Book   |c Teenagers   |e Cawangan Urban Transformation Centre